Inscriptions from Lisht : Texts from Burial Chambers /

The inscribed objects found in or associated with the burial chambers of Middle Kingdom officials and other individuals provide an important addition to our understanding and appreciation of ancient Egyptian funerary culture. These include the coffins and sarcophagi as well as canopic chests and jar...

Full description

Saved in:

Main Author: James P. Allen (Author)

Other Authors: Max Hollein (forword)

Format: Book

Language: English

Published: New York : the Metropolitan Museum of Art, 2021.

Series: Publications of the Metropolitan Museum of Art Egyptian expedition ; 31.
MMAEE ; 31.

Subjects:

Tags: Add Tag

No Tags, Be the first to tag this record!

Call Number: ( F )DT57 .N5 v.31

LEADER 03390nam a22003377a 4500
003 OSt
005 20260511125534.0
008 260511t2021 nyuaf g b 001 0 eng d
020 |a 9781588397164 
040 |c ARCE Library 
043 |a f-ua--- 
050 0 4 |a ( F )DT57  |b .N5 v.31 
100 1 |a James P. Allen  |e author. 
245 1 4 |a Inscriptions from Lisht :  |b Texts from Burial Chambers /  |c by Peter Jánosi. 
264 1 1 |a New York :  |b the Metropolitan Museum of Art,  |c 2021. 
300 |a xi +74 pages; 251 black and white and color illustrations :   |b illustrations (some color) ;  |c 36 cm. 
336 |a text  |b txt  |2 rdacontent 
337 |a unmediated  |b n  |2 rdamedia 
338 |a volume  |b nc  |2 rdacarrier 
490 1 |a Publications of the Metropolitan Museum of Art Egyptian expedition ;  |v 31. 
490 1 |a MMAEE ;   |v 31. 
504 |a Includes Director's Foreword. 
520 |a The inscribed objects found in or associated with the burial chambers of Middle Kingdom officials and other individuals provide an important addition to our understanding and appreciation of ancient Egyptian funerary culture. These include the coffins and sarcophagi as well as canopic chests and jars, mummy masks, ivory wands, miniature coffins, and shawabtis. This volume incorporates all such inscribed material associated with more than one hundred burial chambers and graves found at Lisht North and Lisht South, two sites excavated by the Egyptian Expedition of The Metropolitan Museum of Art from 1907 until 1934 and from 1984 to 1991. Two kings, several members of the royal family, and many elite persons, as well as a community of middle-class people found their resting place in and around the royal pyramids at Lisht, which served as the principal cemetery for Egypt's capital during the Middle Kingdom (ca. 2030-1650 B.C.). The material in the corpus published here represents a sequence of seven chronological phases at Lisht that range from the reigns of the kings Amenemhat I and Senwosret I through the late Dynasty XIII and the Second Intermediate Period. The inscribed texts presented in this corpus are transliterated and translated, and are accompanied by extensive drawings that meticulously detail these texts, as well as annotations to some previously published material. The lavishly illustrated volume includes heretofore unpublished photographs from the Department of Egyptian Art's archives. Each object described in Inscriptions from Lisht has been assigned a code referring to the primary individual associated with it, and its description includes transliterations of the deceased's name(s) and title(s). Because the location of an inscription on a coffin or sarcophagus is usually significant and because some of these include multiple texts, the author has designed a system of references that reflects the location on the object. Further, the catalogue of objects draws on Museum archives and also provides information concerning the findspot and current location of the object as well as relevant archival material and bibliography." --Provided by publisher 
650 |a Ancient Egypt  |v Art  |x Museums 
650 |a Hieroglyphs  |v Inscriptions  |x Ancient language 
700 1 |a Max Hollein,  |e forword 
830 0 |a Publications of the Metropolitan Museum of Art Egyptian expedition ;  |v 31. 
830 0 |a MMAEE ;   |v 31. 
901 |a reviewed 
942 |c BK  |2 lcc 
999 |c 62241  |d 62241